Online Catalogue and eLibrary

Rathusenpathy Vivian (Record no. 5336)

MARC details
000 -LEADER
fixed length control field 00368nam a2200145Ia 4500
005 - DATE AND TIME OF LATEST TRANSACTION
control field 20250704013843.0
008 - FIXED-LENGTH DATA ELEMENTS--GENERAL INFORMATION
fixed length control field 240331s9999 xx 000 0 und d
082 ## - DDC Classification
Item Number - Author Mark BAN
Class No. 920
100 ## - MAIN ENTRY--PERSONAL NAME
Personal name Banduthilake,M
245 #0 - TITLE STATEMENT
Title Rathusenpathy Vivian
260 ## - PUBLICATION, DISTRIBUTION, ETC.
Place of publication, distribution, etc. Nugegoda
Name of publisher, distributor, etc. Deepani Publishers
Date of publication, distribution, etc. 1996
300 ## - PHYSICAL DESCRIPTION
Extent (e.g. Volumes, Pages etc.) 182 p.,
500 ## - GENERAL NOTE
General note A book of Red Commander Vivian
942 ## - Koha item type (Biblio)
Koha item type Books in Stacks (Lending)
Holdings
Lost status Damaged status Collection code Home library Current library Shelving location Date acquired Full call number Accession Number Item type
    Lending WERC Library WERC Library Social Science Cupboard 03/31/2024 920 BAN 2208 Books in Stacks (Lending)

© WERC Library